000
00185 a2200109 4500
020
_a
958677306x
041
_a
eng
100
_a
Anonimo
245
_a
World
942
_c
BK
952
_7
1
999
_c
19577
_d
19577